| 000 | 02159nam a2200373 i 4500 | ||
|---|---|---|---|
| 001 | 990231986950107026 | ||
| 003 | UkOxU | ||
| 005 | 20250516111859.0 | ||
| 008 | 211222r20222021enka b 001|0 eng|d | ||
| 015 |
_aGBC238298 _2bnb |
||
| 016 | 7 |
_a020508552 _2Uk |
|
| 020 |
_a9780008309039 _qpaperback _cĐ10.99 |
||
| 020 |
_z9780008534448 _qexport edition |
||
| 035 | _a(UkOxU)023198695 | ||
| 035 | _a(UkOxU)023198695BIB01 | ||
| 035 | _a(Uk)020508552 | ||
| 040 |
_aStDuBDS _beng _erda _cStDuBDS _dUkOxU |
||
| 050 | _aBF441 | ||
| 100 |
_aKahneman, Daniel _d1934-2024, _eauthor. |
||
| 245 | 1 | 0 |
_aNoise _b: a flaw in human judgement _c/ Daniel Kahneman, Olivier Sibony, Cass R. Sunstein. |
| 250 | _aPaperback edition. | ||
| 264 | 1 |
_aLondon : _bWilliam Collins, _c2022. |
|
| 300 |
_axi, 452 pages : _billustrations (black and white) ; _c20 cm. |
||
| 500 | _aOriginally published: 2021. | ||
| 500 | _aPaperback edition published: 2022. | ||
| 504 | _aIncludes bibliographical references and index. | ||
| 505 | _aTwo Kinds of Error — Finding Noise — Your Mind Is a Measuring Instrument — Noise in Predictive Judgments — How Noise Happens — Improving Judgments — Optimal Noise — Review and Conclusion — Taking Noise Seriously Epilogue — A Less Noisy World How to Conduct a Noise Audit — A Checklist for a Decision Observer — Correcting Predictions. | ||
| 520 | _aFrom the world-leaders in strategic thinking and the multi-million copy bestselling authors of Thinking Fast and Slow and Nudge, the next big book to change the way you think. We like to think we make decisions based on good reasoning – and that our doctors, judges, politicians, economic forecasters and employers do too. In this groundbreaking book, three world-leading behavioural scientists come together to assess the last great fault in our collective decision-making: noise. We all make bad judgements more than we think. Noise shows us what we can do to make better ones. | ||
| 650 | 0 |
_aDecision making _9339 |
|
| 650 | 0 |
_aJudgment _96854 |
|
| 700 |
_aSibony, Olivier _d1967- _eauthor. _924933 |
||
| 700 |
_aSunstein, Cass R _eauthor. _922068 |
||
| 942 | _2lcc | ||
| 999 |
_c4546 _d4546 |
||